000 00886nam a2200241 a 4500
001 79901
003 BD-RjUL
005 20220602152811.0
008 220602s1998 bg a|||| m||| 00| 0 eng d
035 _a(BD-RjUL)79901
040 _aBD-RjUL
_beng
_cBD-RjUL
_dBD-RjUL
041 _aeng
082 _223
_a597.5
_bKHF 1998
100 _aKHATUN, MST. REHENA
_93384
245 1 0 _aFish and Fishery of Botia Dario Fishes of the River Padma ;
_cMST. REHENA KHATUN
_6Supervisor: M. Altaf Hoassian (2)
260 _aRajshahi :
_bDepartment of Zoology, University of Rajshahi,
_c1998
300 _a[10], 166 leaves :
_bill. ;
_c29 cm.
502 _aThesis (M.Phil.)-- Department of Zoology, Rajshahi University, 1998
504 _aReferences : leaves 136-154
650 _aFishes
_xFishery Resources
_zPadma River
_93385
700 _aHoassian, M. Altaf (2), Supervisor
_93386
942 _2ddc
_cTHE
999 _c79901
_d79901